02203nam a2200409uu 4500001000800000005001700008008004100025020001800066035001200084040001300096041000800109080000600117100005000123245010400173260006700277300001900344505069700363650003501060650003601095650003401131650004001165650004001205650003701245650003301282650003701315650002501352650004101377700007901418700004401497700004501541700004801586700002801634700003701662700003101699700003301730700003001763146503020260508091016.0170509s2015 spa  a9789587168433 a1465030 ccomduadb aspa aE10aGutiérrez Bonilla, Martha Lucía4edteedt10aMujeres indígenas y campesinas : transicionalidad, justicia y resistencia en Colombia y Guatemala aBogotá :bEditorial Pontificia Universidad Javeriana,c2015. a263 páginas. aRESUMEN: El acceso a la justicia es uno de los mayores desafíos para muchas poblaciones en situación de vulnerabilidad y en contextos de conflicto armado o múltiples violencias entrelazadas. De manera particular, comunidades rurales e indígenas, y en especial mujeres indígenas y campesinas, enfrentan las más grandes barreras para hacer un uso efectivo de dicho mecanismo. La obra es fruto de una investigación rigurosa que se llevó a cabo en Colombia y Guatemala entre el 2011 y el 2014, en la que se analizó cómo las mujeres buscan justicia y reparación a las violaciones y abusos a sus derechos de propiedad a la tierra y a su seguridad física, psíquica y moral. aMujeres indígenas - Colombia aMujeres indígenas - Guatemala aMujeres campesinas - Colombia 7aComunidades ruraleszColombia2lemb aGuatemala - Aspectos sociopoliticos aGuatemala - Condiciones sociales aViolencia sexual - Guatemala 7aDelitos sexualeszColombia2lemb aJusticia de género 7aDerecho de propiedadzColombia2lemb10aMeertens, Donny,d1946-4aut0(isni)0000 0000 8349 24180(viaf)133984eaut10aFajardo Farfán, July Samira4auteaut10aPinto Velásquez, Dora Eliana4auteaut10aRincón Rodríguez, Luz Claribe4auteaut10aErazo, Judith4auteaut10aCarrera Guerra, Amanda4auteaut10aPaz, Olga Alicia4auteaut10aPadilla, Guillermo4auteaut10aParedes, Carlos4auteaut